[Event "Hoogeveen op 25th"]
[Site "Hoogeveen"]
[Date "2022.10.20"]
[Round "7"]
[White "Snuverink, Marc"]
[Black "Shakhverdian, William"]
[Result "0-1"]
[WhiteElo "1776"]
[BlackElo "2123"]
[PlyCount "36"]
[EventDate "2022.10.15"]
[EventType "swiss"]
[EventRounds "9"]
[EventCountry "NED"]
[SourceTitle "CBM 210 Extra"]
[Source "ChessBase"]
[SourceDate "2022.11.30"]
[SourceVersion "1"]
[SourceVersionDate "2022.11.30"]
[SourceQuality "1"]

1. e4 e5 2. Nf3 Nc6 3. Bc4 Nf6 4. Ng5 d5 5. exd5 Na5 6. Bb5+ c6 7. dxc6 bxc6 8. Bd3 Ng4 9. Ne4 f5 10. Ng3 Bc5 11. Bxf5 Bxf2+ 12. Ke2 Bxg3 13. Bxc8 Qd4 14. hxg3 Qe4+ 15. Kf1 0-0+ 16. Qf3 Rxf3+ 17. gxf3 Qxf3+ 18. Kg1 Qf2# 0-1

[Event "Hoogeveen op 25th"]
[Site "Hoogeveen"]
[Date "2022.10.15"]
[Round "1"]
[White "Snuverink, Marc"]
[Black "Slagboom, Leandro"]
[Result "0-1"]
[WhiteElo "1776"]
[BlackElo "2117"]
[PlyCount "58"]
[EventDate "2022.10.15"]
[EventType "swiss"]
[EventRounds "9"]
[EventCountry "NED"]
[SourceTitle "CBM 210 Extra"]
[Source "ChessBase"]
[SourceDate "2022.11.30"]
[SourceVersion "1"]
[SourceVersionDate "2022.11.30"]
[SourceQuality "1"]

1. f4 d5 2. c4 d4 3. e3 Nc6 4. Nf3 e5 5. fxe5 Bc5 6. Bd3 Bg4 7. 0-0 Nxe5 8. Be4 Nf6 9. Qa4+ Bd7 10. Qc2 Bc6 11. Nxe5 Bxe4 12. Qa4+ c6 13. b4 Bd6 14. Nxf7 Kxf7 15. exd4 Qc7 16. Qb3 Bxh2+ 17. Kh1 Qg3 18. Qxg3 Bxg3 19. Nc3 Rhe8 20. Bb2 Kg8 21. d3 Bg6 22. Rf3 Bd6 23. c5 Bc7 24. b5 Rad8 25. bxc6 bxc6 26. d5 Nxd5 27. Ne4 Bxe4 28. dxe4 Rxe4 29. Raf1 Be5 0-1

[Event "Hoogeveen op 24th"]
[Site "Hoogeveen"]
[Date "2021.10.15"]
[Round "1"]
[White "Snuverink, Marc"]
[Black "Tabak, Stefan"]
[Result "0-1"]
[WhiteElo "1804"]
[BlackElo "2168"]
[PlyCount "36"]
[EventDate "2021.10.15"]
[EventType "swiss"]
[EventRounds "9"]
[EventCountry "NED"]
[SourceTitle "CBM 204 Extra"]
[Source "ChessBase"]
[SourceDate "2021.11.30"]
[SourceVersion "1"]
[SourceVersionDate "2021.11.30"]
[SourceQuality "1"]

1. f4 d5 2. c4 d4 3. e3 Nc6 4. Nf3 Nf6 5. d3 e5 6. fxe5 Ng4 7. e4 Bb4+ 8. Bd2 Ne3 9. Qa4 0-0 10. a3 Bxd2+ 11. Nbxd2 Bd7 12. Rc1 Nxe5 13. Qb3 Nxf3+ 14. Nxf3 Bg4 15. Be2 Nxg2+ 16. Kd2 Bxf3 17. Bxf3 Qh4 18. Rcg1 Qf4+ 0-1